Vista normal
Vista MARC
Entrada Nombre corporativo
Número de registros utilizados en: 1
001 - NÚMERO DE CONTROL
- campo de control: 16413
003 - IDENTIFICADOR DE NÚMERO DE CONTROL
- campo de control: OSt
005 - FECHA Y HORA DE LA ÚLTIMA TRANSACCIÓN
- campo de control: 20221005155747.0
008 - ELEMENTOS DE DATO DE LONGITUD-FIJA
- campo de control de longitud fija: 221005|| aca||aabn | a|a d
040 ## - FUENTE DE CATALOGACIÓN
- Centro catalogador/agencia de origen: OSt
- Centro/agencia transcriptor: OSt
110 ## - ENCABEZAMIENTO-NOMBRE DE ENTIDAD CORPORATIVA
- Nombre de entidad corporativa o nombre de jurisdicción como elemento de entrada: CORRESPONSABILIDAD EN LOS USOS DE LOS TIEMPOS DESDE UNA PERSPECTIVA DE GENERO
- Sede del congreso/Lugar de la reunión: Madrid
- Fecha del congreso o de la firma del tratado: 2006
670 ## - FUENTE DE DATOS ENCONTRADOS
- Cita de la fuente: Work cat.: (OSt)16389: CORRESPONSABILIDAD EN LOS USOS DE LOS TIEMPOS DESDE UNA PERSPECTIVA DE GENERO Madrid 2006, Corresponsabilidad en los usos de los tiempos desde una perspectiva de género :, 2006